The Gospel of Mark /

Bibliographic Details
Main Author: Anderson, Hugh, 1920-
Format: Book
Language:English
Published: London : Oliphants, 1976.
Series:New century Bible.
Subjects:

MARC

Tag First Indicator Second Indicator Subfields
LEADER 00000cam a2200000 i 4500
001 in00000463599
005 20151012163638.0
008 761019s1976 enk b 00110 eng
010 |a  76377165  
015 |a GB*** 
020 |a 0551005793 :  |c 6.95 
035 |a (OCoLC)02094421 
035 |9 ABZ6697AM 
040 |a DLC  |c DLC  |d TXA  |d UtOrBLW 
049 |a TXAM  |c [1394795] 
050 0 0 |a BS2585.3  |b .A52 
082 0 |a 226/.3/07 
100 1 |a Anderson, Hugh,  |d 1920- 
245 1 4 |a The Gospel of Mark /  |c Hugh Anderson. 
264 1 |a London :  |b Oliphants,  |c 1976. 
300 |a xviii, 366 pages ;  |c 23 cm. 
336 |a text  |b txt  |2 rdacontent 
337 |a unmediated  |b n  |2 rdamedia 
338 |a volume  |b nc  |2 rdacarrier 
490 1 |a New century Bible 
500 |a Includes indexes. 
504 |a Bibliography: pages xii-xviii. 
630 0 0 |a Bible.  |p Mark  |x Commentaries. 
830 0 |a New century Bible. 
999 |a MARS 
999 f f |s 98c4bde0-b842-3e5e-9a60-3aeaa11666d2  |i ea55795b-f5b7-3038-8035-563ee4ca6bf1  |t 0 
952 f f |p ric  |a Texas A&M University  |b Rellis Campus  |c Joint Library Facility  |d Remote Storage  |t 0  |e BS2585.3 .A52  |h Library of Congress classification  |i unmediated -- volume  |m A14801784866 
998 f f |a BS2585.3 .A52  |t 0  |l Remote Storage